NOIRET, ROCHEFORT ou LES DEUX - Statistiques

Statistiques générales
  • Ce quiz a été pris 9 fois
  • Le résultat moyen est 10 sur 15
Statistiques - réponses
Question Réponse % Correct
Les vacances de Mr Bean (2007) ROCHEFORT
100%
Les grands ducs (1996) LES DEUX
89%
Le juge et l'assassin (1976) NOIRET
89%
Que la fête commence ... (1975) LES DEUX
78%
La grande bouffe (1973) NOIRET
78%
Ridicule (1996) ROCHEFORT
78%
L'horloger de Saint-Paul (1974) LES DEUX
67%
Twist again à Moscou (1986) NOIRET
67%
Courage fuyons (1979) ROCHEFORT
67%
Les copains (1965) NOIRET
56%
La galette du roi (1985) ROCHEFORT
56%
Le fantôme de la liberté (1974) ROCHEFORT
56%
Tango (1993) LES DEUX
33%
Le bossu (1997) NOIRET
33%
La grande cuisine (1978) LES DEUX
11%
Aucun quiz correspondant
Distribution des résultats
% des personnes avec chaque résultat
Percentile par nombre de réponses
Votre historique - résultats
Vous n’avez pas pris ce quiz